Spain National Team Players - Statistics

General Stats
  • This quiz has been taken 25 times
  • The average score is 15 of 27
Answer Stats
Position Club Player % Correct
GK Arsenal David Raya
100%
ATT Barcelona Lamine Yamal
86%
DEF Tottenham Hotspur Pedro Porro
77%
GK Athletic Club Unai Simón
77%
DEF Bayer Leverkusen Alejandro Grimaldo
73%
GK Barcelona Joan García
73%
DEF Chelsea Marc Cucurella
73%
MID Barcelona Pedri
73%
MID Atletico Madrid Marcos Llorente
68%
ATT Real Sociedad Mikel Oyarzabal
68%
MID Arsenal Martín Zubimendi
64%
DEF Barcelona Pau Cubarsí
64%
MID Manchester City Rodri
64%
MID Barcelona Dani Olmo
59%
MID Barcelona Fermín López
59%
ATT Barcelona Ferran Torres
59%
DEF Real Madrid Dean Huijsen
55%
ATT Celta Vigo Borja Iglesias
45%
GK Real Sociedad Álex Remiro
41%
DEF Athletic Club Aymeric Laporte
41%
MID Atletico Madrid Álex Baena
36%
DEF Arsenal Cristhian Mosquera
36%
MID Crystal Palace Yéremy Pino
36%
ATT Real Sociedad Ander Barrenetxea
23%
MID Real Sociedad Carlos Soler
23%
MID Real Betis Pablo Fornals
23%
ATT Osasuna Víctor Muñoz
23%
No matching quizzes found
Score Distribution
Percent of People with Each Score
Percentile by Number Answered
Your Score History
You have not taken this quiz